Państwa najbliższe Rwandy - Statystyki

Ogólne statystyki
  • Ten quiz został rozwiązany 111 razy
    110 od ostatniego zresetowania
  • Średni wynik to 18 z 20
Statystyki odpowiedzi
km Państwo % Poprawnych
350 Kenia
99%
0 Demokratyczna Republika Konga
98%
994 Etiopia
98%
1 196 Sudan
95%
1 261 Kongo
94%
503 Sudan Południowy
93%
0 Tanzania
93%
0 Burundi
92%
1 107 Mozambik
92%
0 Uganda
92%
1 416 Zimbabwe
90%
1 143 Somalia
89%
606 Zambia
89%
1 538 Czad
88%
946 Angola
86%
773 Republika Środkowoafrykańska
86%
1 696 Namibia
81%
808 Malawi
77%
1 608 Gabon
74%
1 489 Kamerun
74%
Nie znaleziono quizów pasujących do podanych kryteriów
Rozkład punktacji
Procent ludzi z każdym wynikiem
Percentyl według liczby udzielonych odpowiedzi
Twoja historia wyników
Nie rozwiązałeś tego quizu od ostatniego zresetowania